000 00755nam a2200217Ii 4500
001 20746
003 CO-ViMGA
008 241108s9999||||xx |||||||||||||| ||und||
020 _a9789588944111
040 _aCO-ViMGA
_bspa
_erda
_cCO-ViMGA
041 0 _aspa
082 0 4 _a364.15309861 C65cr
110 1 _aCentro Nacional de Memoria Histórica
_9109
245 1 0 _aCrímenes que no prescriben :
_bla violencia sexual del Bloque Vencedores de Arauca
264 1 _aBogotá, Colombia : Centro Nacional de Memoria Histórica, [Fecha de publicación no identificada]
300 _avolumen
336 _atext
_btxt
_2rdacontent
337 _aunmediated
_bn
_2rdamedia
338 _avolume
_bnc
_2rdacarrier
940 _aidficha_siabuc: 20400. -- ficha_no_siabuc:20746
999 _c47665
_d47665